| 000 | 01631cam a22004094i 4500 | ||
|---|---|---|---|
| 003 | PE-LiUPU | ||
| 005 | 20250731172934.0 | ||
| 008 | 150623s r 000 0 d | ||
| 020 | _a9780802823175 | ||
| 040 |
_bspa _cPE-LiUPU _dPE-LiUPU _erda |
||
| 082 | 0 | 4 |
_a227.107 _bM817e _220 |
| 100 | 1 |
_aMoo, Douglas J., _eautor. |
|
| 245 | 1 | 4 |
_aThe epistle to the romans / _cDouglas J. Moo. |
| 264 | 1 |
_aMichigan : _bWilliam B. Eerdmans Publishing Company ; _c1996. |
|
| 300 |
_a1012 páginas ; _c24.5 centímetros. |
||
| 490 | 0 | _aThe New International Commentary on the New Testament. | |
| 504 | _aContiene bibliografía al pie de páginas e index. | ||
| 505 | 0 | _aIntroduction. -- Text, exposition, and notes: The letter opening (1: 1-17). --The Heart of the gospel: justification by faith (1:18-4:25). --The assurance provided by the gospel: the hope of salvation (5:1-8:39). --The defense of the gospel. The problem of Israel (9:1-11:36). -- The transforming power of the gospel: Christian conduct (12:1-15:13). -The letter closing (15:14-16:27). -Indexes. | |
| 526 | _aSEG42 | ||
| 526 | _aSEG41 | ||
| 526 | _aSEG40 | ||
| 526 | _aSEG39 | ||
| 526 | _aP94 | ||
| 526 | _aP87 | ||
| 526 | _aP86 | ||
| 526 | _aP85 | ||
| 526 | _aP77 | ||
| 526 | _aP76 | ||
| 526 | _aP35 | ||
| 630 |
_aBiblia. _pN.T. _pRomanos _xComentarios. |
||
| 700 |
_aStonehouse, Ned B. _eeditor. _91713 |
||
| 700 |
_aBruce, F.F. _eeditor. _91714 |
||
| 700 |
_aFee, Gordon D. _eeditor. _91715 |
||
| 942 |
_2ddc _cBK |
||
| 980 |
_81 _gALBERTO SANCHEZ Responsable de Automatización |
||
| 999 |
_c21233 _d21233 |
||